|
|
|
|
| LEADER |
00000cam a2200000 a 4500 |
| 001 |
vtls009483083 |
| 003 |
SK-MaSNL |
| 005 |
20260425235445.0 |
| 008 |
240314s2008 xo f lp 000 0 slo |
| 015 |
|
|
|a SNBA2009/06-03045
|
| 020 |
|
|
|a 9788089171576
|q (brož.)
|
| 035 |
|
|
|a ACA797DD-2A32-43CC-8425-3766C6471B9B
|
| 035 |
|
|
|a urn:nbn:sk:snk-amlb0d
|
| 035 |
|
|
|a urn:nbn:sk:snk-am0092yv
|
| 040 |
|
|
|a SNK
|b slo
|c SNK
|e AACR2
|
| 041 |
0 |
|
|a slo
|
| 043 |
|
|
|a e-xo---
|
| 044 |
|
|
|a xo
|c SK
|
| 072 |
|
7 |
|a 342
|x Ústavné právo. Správne právo
|2 konspekt
|
| 072 |
|
7 |
|a 347
|x Súkromné právo
|2 konspekt
|
| 072 |
|
7 |
|a 37.016
|x Učebné osnovy. Vyučovacie predmety. Učebnice
|2 konspekt
|
| 080 |
|
|
|a 347.51
|2 2001
|
| 080 |
|
|
|a 616-051
|2 2001
|
| 080 |
|
|
|a (048.8)
|2 2001
|
| 080 |
|
|
|a 614.2
|2 2001
|
| 080 |
|
|
|a 351.77
|2 2001
|
| 080 |
|
|
|a 342:61
|2 2001
|
| 080 |
|
|
|a (437.6)
|2 2001
|
| 080 |
|
|
|a (094.5)
|2 2001
|
| 080 |
|
|
|a (075.8)
|2 2001
|
| 100 |
1 |
|
|a Tóth, Karol,
|d 1949-
|4 aut
|9 219633
|
| 245 |
1 |
0 |
|a Právo a zdravotníctvo
|c Karol Tóth a kolektív
|
| 250 |
|
|
|a 1. vyd.
|
| 260 |
|
|
|a Bratislava
|b Herba
|c 2008
|
| 300 |
|
|
|a 388 s.
|c 24 cm
|
| 504 |
|
|
|a Bibliogr. s. 380
|
| 650 |
0 |
7 |
|a právo verejného zdravotníctva
|2 SNKPH
|9 2268
|
| 650 |
0 |
7 |
|a zdravotníctvo
|2 SNKPH
|9 1269
|
| 650 |
0 |
7 |
|a právna zodpovednosť
|2 SNKPH
|9 4534
|
| 650 |
0 |
7 |
|a zdravotnícki pracovníci
|2 SNKPH
|9 16074
|
| 651 |
|
7 |
|a Slovensko
|2 SNKPH
|9 14231
|
| 655 |
|
7 |
|a monografie
|2 SNKPH
|9 70139
|
| 655 |
|
7 |
|a právne predpisy
|2 SNKPH
|9 70481
|
| 655 |
|
7 |
|a učebnice vysokých škôl
|2 SNKPH
|9 70191
|
| 700 |
1 |
|
|a Lengvarský, Vladimír
|4 aut
|9 538546
|
| 700 |
1 |
|
|a Ochaba, Róbert,
|d 1974-
|4 aut
|9 183468
|
| 700 |
1 |
|
|a Pagáčová, Ivana
|4 aut
|9 485423
|
| 700 |
1 |
|
|a Peško, Lukáš
|4 aut
|9 538547
|
| 700 |
1 |
|
|a Tomek, Dominik
|4 aut
|9 485424
|
| 700 |
1 |
|
|a Tóth, Jozef
|4 aut
|9 5293
|
| 919 |
|
|
|a 978-80-89171-57-6
|
| 958 |
|
|
|a MI
|
| 958 |
|
|
|a NB
|
| 968 |
|
|
|d 34
|
| 999 |
|
|
|c 830101
|d 832031
|
| 952 |
|
|
|a SNK
|b SNK
|y PREZ
|7 0
|p 17A0610907
|o snkSC 134987
|i snk2009/5530
|8 0
|0 0
|1 0
|4 0
|d 2009-03-17
|f 1
|l 0
|r 2025-07-01 00:00:00
|w 2026-02-24
|
| 952 |
|
|
|a SNK
|b SNK
|y VYP
|7 0
|p 17A0610897
|o snkSC 134987 D1
|i snk2009/5531
|8 0
|0 0
|1 0
|4 0
|d 2009-03-17
|l 0
|r 2026-02-24 03:35:18
|w 2026-02-24
|